Načítá se...

اكفار الملحدين

Podrobná bibliografie
Hlavní autoři: محمد انور شاه الكشميري, Kashmiri,Muahmmed Anwarsha
Médium: Printed Book
Vydáno: Gujarat: Majlis ilmi; 1988.
Témata:
LEADER 00601nam a22001817a 4500
082 |a 297  |b KAS/I 
100 |a محمد انور شاه الكشميري 
100 |a Kashmiri,Muahmmed Anwarsha 
245 |a اكفار الملحدين  |c Ikfaru Mulahdeen 
260 |b Majlis ilmi;  |c 1988.  |a Gujarat: 
300 |a 172p. 
500 |a includes index 
650 |a Islam 
650 |a Islamic studies 
650 |a دراسات الاسلام 
942 |c BK 
999 |c 304544  |d 304544 
952 |0 0  |1 0  |4 0  |6 297_000000000000000_KAS_I  |7 0  |9 325272  |a ARA  |b ARA  |d 2020-10-19  |l 0  |o 297 KAS/I  |p ARA2973  |r 2020-10-19  |w 2020-10-19  |y BK